Check-list of the species of fishes known from the Philippines archipelago / (Record no. 6032)

MARC details
000 -LEADER
fixed length control field 00895nam a22002297i 4500
003 - CONTROL NUMBER IDENTIFIER
control field URS
005 - DATE AND TIME OF LATEST TRANSACTION
control field 20220117090633.0
008 - FIXED-LENGTH DATA ELEMENTS--GENERAL INFORMATION
fixed length control field 180206b xxu||||| |||| 00| 0 eng d
050 14 - LIBRARY OF CONGRESS CALL NUMBER
Classification number QL 634
Item number J762 1910
100 1# - MAIN ENTRY--PERSONAL NAME
Personal name Jordan, David Starr
245 10 - TITLE STATEMENT
Title Check-list of the species of fishes known from the Philippines archipelago /
Statement of responsibility, etc. by David Starr Jordan and Robert Earl Richardson
264 #1 - PRODUCTION, PUBLICATION, DISTRIBUTION, MANUFACTURE, AND COPYRIGHT NOTICE
Place of production, publication, distribution, manufacture Manila :
Name of producer, publisher, distributor, manufacturer Bureau of Printing,
Date of production, publication, distribution, manufacture, or copyright notice 1910
300 ## - PHYSICAL DESCRIPTION
Extent 117 pages ;
Other physical details colour illustrations ;
Dimensions 22 cm
336 ## - CONTENT TYPE
Source rdacontent
Content type term text
336 ## - CONTENT TYPE
Source rdacontent
Content type term still image
337 ## - MEDIA TYPE
Source rdamedia
Media type term unmediated
338 ## - CARRIER TYPE
Source rdacarrier
Carrier type term volume
524 ## - PREFERRED CITATION OF DESCRIBED MATERIALS NOTE
Preferred citation of described materials note Jordan, D. S., and Richardson, R. E. (1910). Check-list of the species of fishes known from the Philippines archipelago. Manila: Bureau of Printing.
650 #0 - SUBJECT ADDED ENTRY--TOPICAL TERM
Topical term or geographic name entry element Fishes -- Philippine Islands
700 1# - ADDED ENTRY--PERSONAL NAME
Personal name Richardson, Robert Earl
942 ## - ADDED ENTRY ELEMENTS (KOHA)
Source of classification or shelving scheme Library of Congress Classification
Koha item type Reserved Books
Holdings
Withdrawn status Source of classification or shelving scheme Damaged status Not for loan Collection code Home library Current library Shelving location Date acquired Total Checkouts Full call number Barcode Date last seen Price effective from Koha item type
  Library of Congress Classification     Non-fiction Cardona College LIbrary Cardona College LIbrary General Stacks 02/06/2018   QL 634 J762 1910 URSCAR-1848 02/04/2019 02/06/2018 Filipiniana

University of Rizal System
Email us at univlibservices@urs.edu.ph

Visit our Website www.urs.edu.ph/library